<?xml version="1.0" encoding="UTF-8"?>
<record
    xmlns:xsi="http://www.w3.org/2001/XMLSchema-instance"
    xsi:schemaLocation="http://www.loc.gov/MARC21/slim http://www.loc.gov/standards/marcxml/schema/MARC21slim.xsd"
    xmlns="http://www.loc.gov/MARC21/slim">

  <leader>01635cam a22002655a 4500</leader>
  <controlfield tag="001">17804160</controlfield>
  <controlfield tag="005">20160211140650.0</controlfield>
  <controlfield tag="008">130708t2014    flua   frb    001 0 eng d</controlfield>
  <datafield tag="020" ind1=" " ind2=" ">
    <subfield code="a">9780849320132 (hardback : alk. paper)</subfield>
  </datafield>
  <datafield tag="040" ind1=" " ind2=" ">
    <subfield code="a">DLC</subfield>
    <subfield code="b">eng</subfield>
    <subfield code="c">DLC</subfield>
    <subfield code="d">DLC</subfield>
    <subfield code="d">EG-ScBUE </subfield>
  </datafield>
  <datafield tag="082" ind1="0" ind2="4">
    <subfield code="a">624.18341</subfield>
    <subfield code="2">22</subfield>
    <subfield code="b">INT</subfield>
  </datafield>
  <datafield tag="245" ind1="0" ind2="4">
    <subfield code="a">The international handbook of FRP composites in civil engineering /</subfield>
    <subfield code="c">edited by Manoochehr Zoghi.</subfield>
  </datafield>
  <datafield tag="260" ind1=" " ind2=" ">
    <subfield code="a">Boca Raton :</subfield>
    <subfield code="b">CRC Press / Taylor &amp; Francis Group,</subfield>
    <subfield code="c">c.2014.</subfield>
  </datafield>
  <datafield tag="300" ind1=" " ind2=" ">
    <subfield code="a">xxiii, 682 p. :</subfield>
    <subfield code="b">ill. ;</subfield>
    <subfield code="c">27 cm.</subfield>
  </datafield>
  <datafield tag="500" ind1=" " ind2=" ">
    <subfield code="a">Index : p. 667-682.</subfield>
  </datafield>
  <datafield tag="504" ind1=" " ind2=" ">
    <subfield code="a">Includes bibliographical references.</subfield>
  </datafield>
  <datafield tag="520" ind1=" " ind2=" ">
    <subfield code="a">"Applications of high-performance fiber reinforced polymer (FRP) composite materials have grown beyond just aerospace and marine industries, into civil engineering and other related disciplines. This book provides a complete primer on FRP composites, including history, constituent materials, and basic mechanics and properties. It focuses on professional applications, such as nondestructive testing and evaluation, composites for reinforcement, design philosophies, and guidelines. It also includes helpful formulas, tables, and charts for easy reference and standards of practice from the UK, Scandinavia, Japan, the US, China, Australia, and other countries"--</subfield>
  </datafield>
  <datafield tag="650" ind1=" " ind2="7">
    <subfield code="a">Fiber-reinforced concrete.</subfield>
    <subfield code="2">BUEsh</subfield>
    <subfield code="9">39307</subfield>
  </datafield>
  <datafield tag="650" ind1=" " ind2="7">
    <subfield code="a">Fibrous composites.</subfield>
    <subfield code="2">BUEsh</subfield>
    <subfield code="9">4621</subfield>
  </datafield>
  <datafield tag="650" ind1=" " ind2="7">
    <subfield code="a">polymers.</subfield>
    <subfield code="2">BUEsh</subfield>
    <subfield code="9">5875</subfield>
  </datafield>
  <datafield tag="650" ind1=" " ind2="7">
    <subfield code="a">Reinforced concrete construction.</subfield>
    <subfield code="2">BUEsh</subfield>
    <subfield code="9">17951</subfield>
  </datafield>
  <datafield tag="653" ind1=" " ind2=" ">
    <subfield code="b">ENGGEN</subfield>
    <subfield code="b">ENGCIV</subfield>
    <subfield code="c">July2015</subfield>
    <subfield code="c">February2016</subfield>
  </datafield>
  <datafield tag="700" ind1="1" ind2=" ">
    <subfield code="a">Zoghi, Manoochehr,</subfield>
    <subfield code="d">1956-,</subfield>
    <subfield code="e">editor.</subfield>
  </datafield>
  <datafield tag="942" ind1=" " ind2=" ">
    <subfield code="2">ddc</subfield>
  </datafield>
  <datafield tag="999" ind1=" " ind2=" ">
    <subfield code="c">20332</subfield>
    <subfield code="d">20304</subfield>
  </datafield>
  <datafield tag="952" ind1=" " ind2=" ">
    <subfield code="0">0</subfield>
    <subfield code="1">0</subfield>
    <subfield code="2">ddc</subfield>
    <subfield code="4">0</subfield>
    <subfield code="7">0</subfield>
    <subfield code="8">Baccah</subfield>
    <subfield code="a">MAIN</subfield>
    <subfield code="b">MAIN</subfield>
    <subfield code="c">0TH</subfield>
    <subfield code="d">2015-07-09</subfield>
    <subfield code="e">Purchase</subfield>
    <subfield code="g">1017.00</subfield>
    <subfield code="h">21782</subfield>
    <subfield code="l">0</subfield>
    <subfield code="o">624.18341 INT</subfield>
    <subfield code="p">000039262</subfield>
    <subfield code="r">2025-07-15 00:00:00</subfield>
    <subfield code="v">1271.00</subfield>
    <subfield code="y">REFERENCE</subfield>
  </datafield>
</record>
